| 000 | 00567cam a2200229ua 4500 | ||
|---|---|---|---|
| 020 | _c12.00 | ||
| 041 |
_aeng _h |
||
| 082 |
_a633.18 _bGHO/RI |
||
| 100 | _aGhose, R L M . | ||
| 245 |
_aRice in India / _cR L M Ghose. _hTextual Documents |
||
| 250 |
_a1 / _b. |
||
| 260 |
_aNew Delhi : _bIndian Council for Agricultural Research , _c1960. |
||
| 300 | _a470 ; . | ||
| 365 | _a12.00 | ||
| 504 | _a | ||
| 700 | 1 | _aGhatge, M B . | |
| 700 | 1 | _aSubrahmanyan, V . | |
| 942 | _cBK | ||
| 999 |
_c7389 _d7389 |
||